| 000 | 00609cam a22002293a 4500 | ||
|---|---|---|---|
| 001 | 16682 | ||
| 003 | PGUSA | ||
| 005 | 20140828083345.0 | ||
| 008 | 050911s2005||||xxu|||||s|||||000 1 eng d | ||
| 040 |
_aPGUSA _beng |
||
| 042 | _adc | ||
| 050 | 4 | _aPR | |
| 100 | 1 |
_aGarvice, Charles, _d1850-1920 |
|
| 245 | 1 | 0 |
_aAdrien Leroy _h[electronic resource] / _cCharles Garvice |
| 260 |
_bProject Gutenberg, _c2005 |
||
| 506 | _aPublic domain in the USA. | ||
| 516 | _aElectronic text | ||
| 653 | _aFiction | ||
| 830 | 0 |
_aProject Gutenberg _v16682 |
|
| 856 | 4 | 0 | _uhttp://www.gutenberg.org/ebooks/16682 |
| 942 | _cEB | ||
| 999 |
_c245937 _d245937 |
||